[Event "Berlin Lichtenberger op 18th"]
[Site "Berlin"]
[Date "2019.08.17"]
[Round "1"]
[White "Koppe, Cordelia"]
[Black "Karyah, Thomas"]
[Result "0-1"]
[WhiteElo "1436"]
[BlackElo "1870"]
[PlyCount "116"]
[EventDate "2019.08.17"]
[EventType "swiss"]
[EventRounds "9"]
[EventCountry "GER"]
[SourceTitle "EXT 2020"]
[Source "ChessBase"]
[SourceDate "2019.10.17"]
[SourceVersion "1"]
[SourceVersionDate "2019.10.17"]
[SourceQuality "1"]

1. d4 Nf6 2. c4 g6 3. Nc3 Bg7 4. e4 d6 5. Be2 0-0 6. Nf3 b6 7. 0-0 Bb7 8. d5 Nbd7 9. Qc2 c6 10. Bd2 Rc8 11. Rab1 cxd5 12. cxd5 Ne5 13. Bd3 e6 14. dxe6 fxe6 15. Bg5 Nxd3 16. Qxd3 Qd7 17. Rfe1 Ng4 18. h3 Ne5 19. Nxe5 Bxe5 20. Bh6 Rf7 21. Ne2 Qa4 22. f4 Bxe4 23. Qe3 Bxb1 24. fxe5 Qe4 25. Qxe4 Bxe4 26. exd6 Bd5 27. Bg5 Rd7 28. Be7 Rc6 29. Nd4 Rcxd6 30. Bxd6 Rxd6 31. a3 Bxg2 32. Nb5 Rd2 33. Nxa7 Bxh3 34. b4 Ra2 35. Re3 Bf5 36. Nc8 h5 37. Nxb6 h4 38. Nc8 Kg7 39. Nd6 Bc2 40. b5 Kf6 41. b6 Rb2 42. Nc8 e5 43. Rc3 Ba4 44. Rc7 h3 45. Rh7 Rg2+ 46. Kh1 Bc6 47. Rxh3 Kg5 48. Rc3 Rc2+ 49. Kg1 Rxc3 50. Nd6 Rxa3 51. Nf7+ Kf4 52. Nd8 Kg3 53. Kf1 Bg2+ 54. Ke1 Rb3 55. b7 Bxb7 56. Nxb7 Rxb7 57. Ke2 Rb3 58. Kd2 Kf3 0-1